Города Сахалинской области - Statistics

General Stats
  • This quiz has been taken 50 times
  • The average score is 9 of 14
Answer Stats
Население Город % Correct
180 085 Южно-Сахалинск
100%
19 888 Оха
78%
2537 Курильск
75%
2439 Северо-Курильск
72%
33 259 Корсаков
69%
15 953 Поронайск
66%
11 731 Долинск
53%
8769 Александровск-Сахалинский
53%
10 528 Невельск
50%
9626 Анива
50%
7686 Углегорск
50%
5691 Макаров
50%
4299 Томари
44%
25 082 Холмск
41%
No matching quizzes found
Score Distribution
Percent of People with Each Score
Percentile by Number Answered
Your Score History
You have not taken this quiz